| 000 | 00579nam a2200193 a 4500 | ||
|---|---|---|---|
| 005 | 20240925065913.0 | ||
| 008 | 991125s1965 new 000 0 eng u | ||
| 035 | _aUPN01000018574 | ||
| 049 | _aCG | ||
| 050 | 4 |
_aLB1044.7 _bG6.8 |
|
| 100 | 1 | _aGordon, George N. | |
| 245 | 1 | 0 |
_aEducational television / _cGeorge N. Gordon. |
| 260 |
_aNew York : _bCenter for Applied Research in Education, _c1965. |
||
| 300 | _a113 p. | ||
| 650 | 4 |
_aEducación _zEstados Unidos _9803 |
|
| 650 | 4 |
_aEnseñanza audiovisual _913757 |
|
| 650 | 4 |
_aTelevisión en la educación _91518 |
|
| 905 | _aLibro | ||
| 999 |
_c18574 _d18574 |
||